000
00358nam a22001217a 4500
082
_a
891.43905
100
_a
Hassan, Syed Munawar
245
_a
Mahnama Sayyarah Lahore /
_c
Syed Munawar Hassan
260
_a
Lahore :
_b
Idhara Tarjaman ul Quran,
_c
2011.
300
_a
581 p. ;
_c
27cm.
942
_2
ddc
_c
BK
999
_c
541286
_d
541286